The one minute apology : a powerful way to make things better

Bibliographic Details
Main Author: Blanchard, Ken
Other Authors: McBride, Marget
Format: Book
Published: London : HarperCollins Publishers , 2004
Subjects:

MARC

LEADER 00000cam a2200000 7i4500
001 0000017927
005 20081119.0
008 080529
020 |a 0007160062 
090 0 0 |a 158.2   |b BLA 
100 1 |a Blanchard, Ken 
245 1 4 |a The one minute apology :   |b a powerful way to make things better   |c Ken Blanchard and Margret McBride 
260 |a London :   |b HarperCollins Publishers ,   |c 2004 
650 0 |a Apologizing 
650 0 |a Leardership 
700 1 |a McBride, Marget 
999 |a 0001017206   |b Book   |c Adult Collection   |e Perbadanan Perpustakaan Awam Johor 
999 |a 0001037544   |b Book   |c Adult Collection   |e Cawangan Tmn. Ungku Tun Aminah 
999 |a 0001037545   |b Book   |c Adult Collection   |e Perbadanan Perpustakaan Awam Johor 
999 |a 0001037546   |b Book   |c Adult Collection   |e Cawangan AEON Kulaijaya 
999 |a 0001037547   |b Book   |c Adult Collection   |e Cawangan AEON Kulaijaya